Kompozitné vlákna na báze polypropylénu s nanoplnivom halloyzit

Gespeichert in:
Bibliographische Detailangaben
1. Verfasser: Kaňušková, Monika (Verfasst von)
Weitere Verfasser: Ryba, Jozef, 1978- (Betreuung Doktorarbeit)
Format: Manuskript Buch
Sprache:Slowakisch
Veröffentlicht: 2015
Schlagworte:
Online-Zugang:http://is.stuba.sk/zp/portal_zp.pl?podrobnosti=113191
Tags: Tag hinzufügen
Keine Tags, Fügen Sie das erste Tag hinzu!

MARC

LEADER 00000ntm a22000003a 4500
001 stuzp52917
003 SK-STU
005 20160719154323.8
007 ta
008 150427s2015----xo-----f-mn---000-0-slo-d
040 |a STU  |b slo 
041 0 |a slo 
100 1 |a Kaňušková, Monika  |u 049150  |4 aut  |U FCHPT Ústav prírodných a syntetických polymérov  |T FCHPT Oddelenie vlákien a textilu  |X 70176  |U C9150  |Y 126  |7 70176 
242 0 1 |a Composite fibres based on Polypropylene and Halloysite nanofiller  |y eng 
245 1 0 |a Kompozitné vlákna na báze polypropylénu s nanoplnivom halloyzit 
260 |c 2015 
650 4 |a polypropylénové vlákna  |2 slo 
650 4 |a halloyzit  |2 slo 
650 4 |a reaktívny modifikátor  |2 slo 
650 4 |a kompozitné vlákna  |2 slo 
650 4 |a polypropylene fibres  |2 eng 
650 4 |a composite fibres  |2 eng 
650 4 |a halloysite  |2 eng 
650 4 |a reactive modifier  |2 eng 
700 1 |a Ryba, Jozef,  |d 1978-  |4 ths  |X 10013  |7 A000010013 
856 4 |u http://is.stuba.sk/zp/portal_zp.pl?podrobnosti=113191 
SQL |a stuzp52917  |b DDP  |c SLO  |d Kompozitné vlákna na báze polypropylénu s nanoplnivom halloyzit  |e 70176  |f Kaňušková, Monika  |g 049150  |h 10013  |i Ryba, Jozef  |j 20150610  |k 542  |l 04  |m http://is.stuba.sk/zp/portal_zp.pl?podrobnosti=113191  |n I-PSP  |o 5.2.18. chemické technológie